[Event "2nd Kalyan Dombivali 2019"]
[Site "Kalyan"]
[Date "2019.01.30"]
[Round "2.6"]
[White "Shinde, Saumil"]
[Black "Kumar, Gaurav"]
[Result "0-1"]
[WhiteElo "1298"]
[BlackElo "2128"]
[Annotator "TA"]
[PlyCount "83"]
[EventDate "2019.01.28"]
[EventType "swiss"]
[EventRounds "10"]
[EventCountry "IND"]
[SourceTitle "playchess.com"]
[Source "ChessBase"]
[SourceQuality "1"]

{[%evp 9,83,18,15,0,6,0,0,0,0,0,21,0,0,-66,-56,-109,-77,-97,-99,-98,-85,-91,-61,-75,-72,-91,-77,-80,-68,-90,-88,-79,-45,-179,-179,-165,-162,-158,-167,-148,-83,-84,-44,-83,-64,-144,-142,-307,-242,-309,-304,-365,-359,-375,-356,-774,-1145,-1017,-1089,-899,-1141,-1147,-1131,-887,-1141,-1036,-916,-1033,-955,-837,-742,-2731,-2554,-2525,-2359,-1681]} 1. c4 e5 2. Nc3 Bb4 3. g3 Bxc3 4. bxc3 Ne7 $146 ({Predecessor:} 4... d6 5. Bg2 {1-0 (62) Jones,G (2647)-Kvisvik,B (2304) Helsingor 2015}) 5. Bg2 d6 6. d4 {A21: English Opening: 1...e5 2 Nc3} ({Predecessor:} 6. Nf3 O-O 7. O-O Nbc6 8. d4 f6 {1-0 (62) Jones,G (2647)-Kvisvik,B (2304) Helsingor 2015}) 6... Nbc6 7. e4 O-O 8. Nf3 {The position is equal.} f6 9. O-O Na5 ({Predecessor:} 9... b6 10. c5 dxc5 11. Qb3+ Kh8 12. dxe5 Nxe5 13. Nxe5 fxe5 14. f4 Nc6 15. f5 Na5 16. Qc2 {1-0 (62) Jones,G (2647)-Kvisvik,B (2304) Helsingor 2015}) 10. Qd3 b6 11. c5 (11. Nd2 $11) 11... dxc5 $15 12. d5 (12. Bb2 $15) 12... Bb7 13. Rd1 Qd7 14. Bd2 c4 15. Qe2 c6 16. dxc6 $1 Qxc6 17. Nh4 g5 18. Qg4 Kh8 $36 {[%mdl 2048] Black has the initiative.} 19. Nf5 Nxf5 20. Qxf5 Qc8 21. Bc1 (21. Qf3 $1 $15) 21... Qxf5 $19 22. exf5 Bxg2 23. Kxg2 Rfd8 24. Ba3 {[#]} Nc6 (24... Kg7 $142 $1 25. Bd6 Kf7) 25. Kf3 $17 Kg7 26. Ke3 g4 27. f3 (27. Ke4 $15) 27... h5 28. f4 $2 (28. fxg4 $17 hxg4 29. Rab1) 28... Kf7 29. Bd6 Rd7 30. fxe5 fxe5 31. Ba3 Rad8 32. Ke2 $2 (32. Rxd7+ Rxd7 33. Ke4) 32... Rxd1 $19 {Black is clearly winning.} 33. Rxd1 Rxd1 34. Kxd1 {[%mdl 4096] Endgame KB-KN} Kf6 35. Ke2 Kxf5 36. Ke3 b5 37. Bc5 a6 38. a3 Nd8 39. Be7 Ne6 40. Bh4 Nc7 41. Bd8 Nd5+ {[%mdl 64] [#] Double Attack} 42. Kd2 {Accuracy: White = 20%, Black = 70%.} 0-1

[Event "2nd Kalyan Dombivali 2019"]
[Site "Kalyan"]
[Date "2019.01.30"]
[Round "2.7"]
[White "Satkar, Chirag"]
[Black "Kunder, Pratik"]
[Result "1-0"]
[WhiteElo "2071"]
[BlackElo "1300"]
[Annotator "NA RC"]
[PlyCount "61"]
[EventDate "2019.01.28"]
[EventType "swiss"]
[EventRounds "10"]
[EventCountry "IND"]
[SourceTitle "playchess.com"]
[Source "ChessBase"]
[SourceQuality "1"]
[TimeControl "5400+30"]

1. d4 {[%emt 0:00:00]} Nf6 {[%emt 0:00:00]} 2. c4 {[%emt 0:00:00]} g6 {[%emt 0:00:00]} 3. Nc3 {[%emt 0:00:10]} Bg7 {[%emt 0:00:00]} 4. e4 {[%emt 0:00:20]} d6 {[%emt 0:00:02]} 5. Be2 {[%emt 0:00:40]} O-O 6. Nf3 {[%emt 0:00:28]} e5 {[%emt 0:06:33]} 7. O-O {[%emt 0:00:56]} exd4 {[%emt 0:02:22]} 8. Nxd4 {[%emt 0:00:37]} Re8 {[%emt 0:00:34]} 9. f3 {[%emt 0:03:09]} Nfd7 {[%emt 0:02:12]} 10. Be3 {[%emt 0:11:31]} a5 {[%emt 0:03:10]} 11. Qd2 {[%emt 0:01:48]} Nc5 {[%emt 0:02:41]} 12. Rad1 {[%emt 0:07:53]} Qd7 {[%emt 0:11:36]} 13. Ndb5 {[%emt 0:08:34]} Qc6 {[%emt 0:07:30]} 14. Nd5 {[%emt 0:03:19]} Nba6 {[%emt 0:07:58]} 15. Bd4 {[%emt 0:02:00]} Nd7 {[%emt 0:20:36]} 16. Qxa5 {[%emt 0:04:48]} b6 {[%emt 0:01:05]} 17. Qd2 {[%emt 0:02:06]} Rb8 {[%emt 0:02:48]} 18. Bxg7 {[%emt 0:08:02]} Kxg7 {[%emt 0:00:19]} 19. Nd4 {[%emt 0:00:55]} Qb7 {[%emt 0:02:10]} 20. Qg5 {[%emt 0:01:42]} Kh8 {[%emt 0:01:19]} 21. f4 {[%emt 0:03:42]} Nac5 {[%emt 0:01:04]} 22. Bf3 {[%emt 0:00:52]} c6 {[%emt 0:02:12]} 23. Nf6 {[%emt 0:07:03]} Ne6 {[%emt 0:01:40]} 24. Nxe6 {[%emt 0:01:50]} Rxe6 {[%emt 0:00:10]} 25. Nxd7 {[%emt 0:01:13]} Bxd7 {[%emt 0:01:44]} 26. f5 {[%emt 0:02:06]} gxf5 {[%emt 0:02:22]} 27. exf5 {[%emt 0:00:09]} Rg8 {[%emt 0:00:47]} 28. Qd2 {[%emt 0:00:34]} Ree8 {[%emt 0:01:52]} 29. Qxd6 {[%emt 0:00:18]} Bc8 {[%emt 0:00:37]} 30. Qf6+ {[%emt 0:00:37]} Rg7 {[%emt 0:00:10]} 31. Bxc6 {[%emt 0:00:23]} 1-0

[Event "2nd Kalyan Dombivali 2019"]
[Site "Kalyan"]
[Date "2019.01.30"]
[Round "2.8"]
[White "Godse, Anish"]
[Black "Saranya, Y."]
[Result "0-1"]
[WhiteElo "1288"]
[BlackElo "1961"]
[Annotator "NA RC"]
[PlyCount "58"]
[EventDate "2019.01.28"]
[EventType "swiss"]
[EventRounds "10"]
[EventCountry "IND"]
[SourceTitle "playchess.com"]
[Source "ChessBase"]
[SourceQuality "1"]
[TimeControl "5400+30"]

1. e4 {[%emt 0:00:00]} c5 {[%emt 0:21:56]} 2. Nf3 {[%emt 0:00:00]} g6 {[%emt 0:00:07]} 3. Nc3 {[%emt 0:00:17]} Bg7 {[%emt 0:00:09]} 4. Bc4 {[%emt 0:00:17]} Nc6 {[%emt 0:00:54]} 5. d3 {[%emt 0:00:18]} Na5 {[%emt 0:08:59]} 6. Bb3 {[%emt 0:03:37]} Nxb3 {[%emt 0:02:19]} 7. axb3 {[%emt 0:00:27]} d6 {[%emt 0:00:46]} 8. O-O {[%emt 0:01:24]} Nf6 {[%emt 0:03:08]} 9. h3 {[%emt 0:01:06]} O-O {[%emt 0:03:59]} 10. Be3 {[%emt 0:00:29]} b6 {[%emt 0:00:51]} 11. Qd2 {[%emt 0:03:31]} Re8 {[%emt 0:05:22]} 12. Bh6 {[%emt 0:01:00]} Bh8 {[%emt 0:00:18]} 13. Rfe1 {[%emt 0:01:33]} Bb7 {[%emt 0:02:02]} 14. Qg5 {[%emt 0:02:29]} Nd7 {[%emt 0:08:50]} 15. Qg3 {[%emt 0:07:52]} Ne5 {[%emt 0:05:02]} 16. Re3 {[%emt 0:15:25]} e6 {[%emt 0:06:02]} 17. Nh4 {[%emt 0:03:44]} Bf6 {[%emt 0:03:08]} 18. Nf3 {[%emt 0:02:00]} Bc6 {[%emt 0:03:19]} 19. Qf4 {[%emt 0:03:41]} a5 {[%emt 0:03:31]} 20. Ne2 {[%emt 0:05:35]} Ra7 {[%emt 0:03:52]} 21. c3 {[%emt 0:01:38]} Nxf3+ {[%emt 0:02:37]} 22. Rxf3 {[%emt 0:00:15]} Be5 {[%emt 0:00:24]} 23. Qe3 {[%emt 0:00:59]} f5 {[%emt 0:01:36]} 24. Bf4 {[%emt 0:01:52]} Bf6 {[%emt 0:02:29]} 25. Bh6 {[%emt 0:05:10]} e5 {[%emt 0:02:22]} 26. g3 {[%emt 0:01:11]} Rf7 {[%emt 0:01:53]} 27. h4 {[%emt 0:01:35]} d5 {[%emt 0:02:06]} 28. Rd1 {[%emt 0:02:16]} dxe4 {[%emt 0:00:30]} 29. Qc1 {[%emt 0:01:01]} exf3 {[%emt 0:00:13]} 0-1

[Event "2nd Kalyan Dombivali 2019"]
[Site "Kalyan"]
[Date "2019.01.30"]
[Round "2.9"]
[White "Kadam, Om Manish"]
[Black "Subramanian, T.V."]
[Result "1-0"]
[WhiteElo "1943"]
[BlackElo "1290"]
[Annotator "NA RC"]
[PlyCount "101"]
[EventDate "2019.01.28"]
[EventType "swiss"]
[EventRounds "10"]
[EventCountry "IND"]
[SourceTitle "playchess.com"]
[Source "ChessBase"]
[SourceQuality "1"]
[TimeControl "5400+30"]

1. e4 {[%emt 0:00:00]} c5 {[%emt 0:01:59]} 2. Nf3 {[%emt 0:00:00]} e6 {[%emt 0:00:05]} 3. d4 {[%emt 0:00:00]} cxd4 {[%emt 0:00:05]} 4. Nxd4 {[%emt 0:00:00]} a6 {[%emt 0:00:10]} 5. Bd3 {[%emt 0:00:00]} Nf6 {[%emt 0:00:17]} 6. Nc3 {[%emt 0:00:33]} Qc7 {[%emt 0:00:06]} 7. a4 {[%emt 0:01:39]} b6 {[%emt 0:00:48]} 8. f4 {[%emt 0:00:20]} Bb7 {[%emt 0:01:02]} 9. Qe2 {[%emt 0:00:51]} Bb4 {[%emt 0:01:24]} 10. Bd2 {[%emt 0:00:53]} h5 {[%emt 0:03:09]} 11. Rf1 {[%emt 0:13:18]} Nc6 {[%emt 0:02:52]} 12. Nxc6 {[%emt 0:07:52]} Qxc6 {[%emt 0:02:28]} 13. e5 {[%emt 0:08:17]} Bxc3 {[%emt 0:00:36]} 14. Bxc3 {[%emt 0:09:53]} Ne4 {[%emt 0:03:49]} 15. Bd4 {[%emt 0:01:38]} Nc5 {[%emt 0:00:41]} 16. Bxc5 {[%emt 0:00:37]} Qxc5 {[%emt 0:01:05]} 17. f5 {[%emt 0:00:38]} exf5 {[%emt 0:12:17]} 18. Bxf5 {[%emt 0:00:38]} O-O-O {[%emt 0:01:02]} 19. O-O-O {[%emt 0:00:37]} Rhe8 {[%emt 0:02:23]} 20. Rfe1 {[%emt 0:15:42]} g6 {[%emt 0:04:27]} 21. Bd3 {[%emt 0:04:39]} Qa5 {[%emt 0:00:36]} 22. Bc4 {[%emt 0:06:34]} Re7 {[%emt 0:04:14]} 23. Bb3 {[%emt 0:07:56]} Rde8 {[%emt 0:00:50]} 24. Bxf7 {[%emt 0:01:20]} Rxe5 {[%emt 0:04:24]} 25. Qc4+ {[%emt 0:00:36]} Bc6 {[%emt 0:02:27]} 26. b4 {[%emt 0:00:55]} Qxa4 {[%emt 0:06:24]} 27. Bxe8 {[%emt 0:00:06]} Qa3+ {[%emt 0:05:13]} 28. Kb1 {[%emt 0:00:47]} Rb5 {[%emt 0:03:54]} 29. Bxd7+ {[%emt 0:00:08]} Kb8 {[%emt 0:00:27]} 30. Qf4+ {[%emt 0:00:17]} Ka7 {[%emt 0:00:38]} 31. Qc7+ {[%emt 0:00:07]} Bb7 {[%emt 0:00:19]} 32. Bxb5 {[%emt 0:00:04]} Qxb4+ {[%emt 0:00:31]} 33. Kc1 {[%emt 0:00:13]} axb5 {[%emt 0:00:54]} 34. Re7 {[%emt 0:01:02]} Qa3+ {[%emt 0:00:30]} 35. Kd2 {[%emt 0:00:09]} Qb4+ {[%emt 0:00:21]} 36. c3 {[%emt 0:00:12]} Qb2+ {[%emt 0:00:29]} 37. Kd3 {[%emt 0:00:06]} Qxg2 {[%emt 0:01:44]} 38. Qxb7+ {[%emt 0:00:02]} Qxb7 {[%emt 0:00:19]} 39. Rxb7+ {[%emt 0:00:02]} Kxb7 {[%emt 0:00:10]} 40. Rg1 {[%emt 0:00:03]} Ka6 {[%emt 0:00:19]} 41. Rxg6 {[%emt 0:00:06]} Ka5 {[%emt 0:00:11]} 42. Rg7 {[%emt 0:00:27]} b4 {[%emt 0:01:04]} 43. c4 {[%emt 0:00:05]} Ka4 {[%emt 0:00:21]} 44. Ra7+ {[%emt 0:00:12]} Kb3 {[%emt 0:00:23]} 45. Rb7 {[%emt 0:00:03]} Kb2 {[%emt 0:00:37]} 46. Rxb6 {[%emt 0:00:05]} b3 {[%emt 0:00:33]} 47. c5 {[%emt 0:00:03]} h4 {[%emt 0:00:18]} 48. h3 {[%emt 0:00:03]} Ka2 {[%emt 0:00:39]} 49. c6 {[%emt 0:00:04]} b2 {[%emt 0:00:39]} 50. Kc2 {[%emt 0:00:05]} Ka1 {[%emt 0:00:33]} 51. Ra6# {[%emt 0:00:03]} 1-0

[Event "2nd Kalyan Dombivali 2019"]
[Site "Kalyan"]
[Date "2019.01.30"]
[Round "2.10"]
[White "Tawade, Arnav"]
[Black "Ahmed, Feroz"]
[Result "0-1"]
[WhiteElo "1285"]
[BlackElo "1919"]
[Annotator "NA RC"]
[PlyCount "66"]
[EventDate "2019.01.28"]
[EventType "swiss"]
[EventRounds "10"]
[EventCountry "IND"]
[SourceTitle "playchess.com"]
[Source "ChessBase"]
[SourceQuality "1"]
[TimeControl "5400+30"]

1. d4 {[%emt 0:00:00]} Nf6 {[%emt 0:00:24]} 2. c4 {[%emt 0:00:00]} g6 {[%emt 0:00:09]} 3. Nc3 {[%emt 0:00:00]} Bg7 {[%emt 0:00:05]} 4. e4 {[%emt 0:00:17]} d6 {[%emt 0:00:03]} 5. Nf3 {[%emt 0:00:06]} O-O {[%emt 0:00:06]} 6. Be2 {[%emt 0:00:23]} Nbd7 {[%emt 0:00:54]} 7. O-O {[%emt 0:00:28]} e5 {[%emt 0:00:06]} 8. Qc2 {[%emt 0:00:14]} exd4 {[%emt 0:02:25]} 9. Nxd4 {[%emt 0:00:07]} Re8 {[%emt 0:00:12]} 10. Rd1 {[%emt 0:00:30]} Nc5 {[%emt 0:02:05]} 11. f3 {[%emt 0:11:43]} Nh5 {[%emt 0:08:46]} 12. Be3 {[%emt 0:12:32]} f5 {[%emt 0:00:57]} 13. Nb3 {[%emt 0:07:03]} Nxb3 {[%emt 0:03:18]} 14. Qxb3 {[%emt 0:01:22]} Be6 {[%emt 0:06:42]} 15. Nd5 {[%emt 0:09:28]} Bxd5 {[%emt 0:01:28]} 16. Rxd5 {[%emt 0:05:51]} fxe4 {[%emt 0:06:03]} 17. fxe4 {[%emt 0:03:56]} Rxe4 {[%emt 0:13:42]} 18. Bf3 {[%emt 0:10:59]} Re5 {[%emt 0:05:41]} 19. Rxe5 {[%emt 0:02:03]} Bxe5 {[%emt 0:00:10]} 20. Qxb7 {[%emt 0:01:33]} Rb8 {[%emt 0:01:12]} 21. Qd5+ {[%emt 0:01:12]} Kg7 {[%emt 0:01:14]} 22. Bd4 {[%emt 0:01:07]} Bxd4+ {[%emt 0:03:36]} 23. Qxd4+ {[%emt 0:00:08]} Nf6 {[%emt 0:01:10]} 24. Qxa7 {[%emt 0:10:27]} Rxb2 {[%emt 0:00:02]} 25. a4 {[%emt 0:00:16]} Qe7 {[%emt 0:09:59]} 26. a5 {[%emt 0:01:37]} Qe5 {[%emt 0:04:53]} 27. Qxc7+ {[%emt 0:08:39]} Kh6 {[%emt 0:00:18]} 28. a6 {[%emt 0:04:50]} Ne4 {[%emt 0:05:48]} 29. Qa7 {[%emt 0:05:41]} Rb6 {[%emt 0:00:30]} 30. Rf1 {[%emt 0:01:15]} Qc5+ {[%emt 0:00:44]} 31. Kh1 {[%emt 0:00:06]} Nf2+ {[%emt 0:00:14]} 32. Rxf2 {[%emt 0:00:20]} Rb1+ {[%emt 0:00:22]} 33. Rf1 {[%emt 0:00:05]} Rxf1# {[%emt 0:00:09]} 0-1

[Event "2nd Kalyan Dombivali 2019"]
[Site "Kalyan"]
[Date "2019.01.30"]
[Round "2.11"]
[White "Vijay, Anand M."]
[Black "Singla, Aaryan"]
[Result "1-0"]
[WhiteElo "1841"]
[BlackElo "1287"]
[Annotator "NA RC"]
[PlyCount "92"]
[EventDate "2019.01.28"]
[EventType "swiss"]
[EventRounds "10"]
[EventCountry "IND"]
[SourceTitle "playchess.com"]
[Source "ChessBase"]
[SourceQuality "1"]
[TimeControl "5400+30"]

1. e4 {[%emt 0:19:50]} c5 {[%emt 0:00:07]} 2. Nf3 {[%emt 0:00:07]} d6 {[%emt 0:00:05]} 3. d4 {[%emt 0:00:06]} cxd4 {[%emt 0:00:02]} 4. Nxd4 {[%emt 0:00:08]} Nf6 {[%emt 0:00:04]} 5. Nc3 {[%emt 0:00:06]} g6 {[%emt 0:00:02]} 6. g3 {[%emt 0:00:11]} Bd7 {[%emt 0:00:18]} 7. Bg2 {[%emt 0:00:12]} Nc6 8. Nde2 {[%emt 0:00:07]} Bg7 {[%emt 0:01:20]} 9. O-O {[%emt 0:00:06]} O-O {[%emt 0:00:37]} 10. h3 {[%emt 0:00:05]} Rb8 {[%emt 0:01:48]} 11. a4 {[%emt 0:00:06]} a6 {[%emt 0:00:21]} 12. Be3 {[%emt 0:00:33]} b5 {[%emt 0:00:40]} 13. axb5 {[%emt 0:00:05]} axb5 {[%emt 0:00:11]} 14. Nd5 {[%emt 0:00:04]} Ne5 {[%emt 0:05:30]} 15. Ra2 {[%emt 0:00:43]} Nc4 {[%emt 0:01:19]} 16. Bc1 {[%emt 0:00:09]} Nxd5 {[%emt 0:00:27]} 17. exd5 {[%emt 0:00:08]} Qc7 {[%emt 0:01:22]} 18. b3 {[%emt 0:00:16]} Nb6 {[%emt 0:00:09]} 19. Nd4 {[%emt 0:00:35]} Qc5 {[%emt 0:01:32]} 20. Be3 {[%emt 0:08:43]} Nxd5 {[%emt 0:00:59]} 21. Ne6 {[%emt 0:00:08]} Bxe6 {[%emt 0:05:13]} 22. Bxc5 {[%emt 0:02:17]} Nc3 {[%emt 0:00:05]} 23. Qd2 {[%emt 0:00:19]} Nxa2 {[%emt 0:00:13]} 24. Bd4 {[%emt 0:00:27]} b4 {[%emt 0:01:56]} 25. Bxg7 {[%emt 0:01:15]} Kxg7 {[%emt 0:00:07]} 26. Ra1 {[%emt 0:00:15]} Nc3 {[%emt 0:00:08]} 27. Ra7 {[%emt 0:00:06]} Rfe8 {[%emt 0:00:46]} 28. h4 {[%emt 0:00:48]} h5 {[%emt 0:00:57]} 29. Qg5 {[%emt 0:02:41]} Rb5 {[%emt 0:01:10]} 30. Qd2 {[%emt 0:00:21]} Bd5 {[%emt 0:03:06]} 31. Bf1 {[%emt 0:01:35]} Rbb8 {[%emt 0:01:30]} 32. Qg5 {[%emt 0:05:08]} e5 {[%emt 0:02:04]} 33. Bd3 {[%emt 0:01:56]} e4 {[%emt 0:09:02]} 34. Bc4 {[%emt 0:07:54]} Bxc4 {[%emt 0:07:28]} 35. bxc4 {[%emt 0:00:06]} e3 {[%emt 0:00:38]} 36. Kg2 {[%emt 0:20:12]} e2 {[%emt 0:03:07]} 37. Qf4 {[%emt 0:00:08]} e1=N+ {[%emt 0:00:45]} 38. Kf1 {[%emt 0:00:12]} Rf8 {[%emt 0:01:06]} 39. Kxe1 {[%emt 0:00:10]} b3 {[%emt 0:01:36]} 40. cxb3 {[%emt 0:01:43]} Rxb3 {[%emt 0:00:05]} 41. Kf1 {[%emt 0:00:13]} Rb1+ {[%emt 0:01:18]} 42. Kg2 {[%emt 0:00:21]} Rg1+ {[%emt 0:00:12]} 43. Kh2 {[%emt 0:00:22]} Rd1 {[%emt 0:01:07]} 44. Qf3 {[%emt 0:00:59]} Rc1 {[%emt 0:00:18]} 45. Qe3 {[%emt 0:05:02]} Rc2 {[%emt 0:00:06]} 46. Qd3 {[%emt 0:00:44]} Rc1 {[%emt 0:00:16]} 1-0

[Event "2nd Kalyan Dombivali 2019"]
[Site "Kalyan"]
[Date "2019.01.30"]
[Round "2.12"]
[White "Keshavendra, Mishra"]
[Black "Sparsh, Khandelwal"]
[Result "0-1"]
[WhiteElo "1261"]
[BlackElo "1823"]
[Annotator "NA RC"]
[PlyCount "62"]
[EventDate "2019.01.28"]
[EventType "swiss"]
[EventRounds "10"]
[EventCountry "IND"]
[SourceTitle "playchess.com"]
[Source "ChessBase"]
[SourceQuality "1"]
[TimeControl "5400+30"]

1. d4 {[%emt 0:01:44]} Nf6 {[%emt 0:00:01]} 2. c4 {[%emt 0:01:06]} g6 {[%emt 0:02:56]} 3. Nc3 {[%emt 0:00:10]} d5 {[%emt 0:00:37]} 4. cxd5 {[%emt 0:17:38]} Nxd5 {[%emt 0:00:34]} 5. Nxd5 {[%emt 0:04:41]} Qxd5 {[%emt 0:00:09]} 6. Nf3 {[%emt 0:00:19]} Bg7 {[%emt 0:02:17]} 7. e3 {[%emt 0:00:08]} O-O {[%emt 0:00:18]} 8. Be2 {[%emt 0:00:05]} c5 {[%emt 0:06:18]} 9. O-O {[%emt 0:06:47]} Nc6 {[%emt 0:04:53]} 10. dxc5 {[%emt 0:04:36]} Qxc5 {[%emt 0:00:45]} 11. Qb3 {[%emt 0:03:30]} Be6 {[%emt 0:09:25]} 12. Qb5 {[%emt 0:16:21]} Qxb5 {[%emt 0:03:21]} 13. Bxb5 {[%emt 0:00:03]} Nb4 {[%emt 0:00:36]} 14. Ng5 {[%emt 0:09:10]} Bxa2 {[%emt 0:02:27]} 15. Bd2 {[%emt 0:00:36]} a5 {[%emt 0:00:06]} 16. Bc3 {[%emt 0:01:53]} Rfc8 {[%emt 0:00:54]} 17. Bxg7 {[%emt 0:00:27]} Kxg7 {[%emt 0:00:05]} 18. Rfc1 {[%emt 0:02:33]} Bb3 {[%emt 0:01:44]} 19. h3 {[%emt 0:02:09]} Nc2 {[%emt 0:00:08]} 20. Rab1 {[%emt 0:07:20]} Ba2 {[%emt 0:00:11]} 21. Bd7 {[%emt 0:02:03]} Rc7 {[%emt 0:00:16]} 22. Ra1 {[%emt 0:01:56]} Bb3 {[%emt 0:01:10]} 23. Ra3 {[%emt 0:02:48]} a4 {[%emt 0:01:09]} 24. Bb5 {[%emt 0:05:31]} Rc5 {[%emt 0:00:26]} 25. Bd3 {[%emt 0:00:42]} Rxg5 {[%emt 0:00:16]} 26. Bxc2 {[%emt 0:02:38]} Rc5 {[%emt 0:00:12]} 27. Bxb3 {[%emt 0:00:59]} Rxc1+ {[%emt 0:00:10]} 28. Kh2 {[%emt 0:00:03]} b5 {[%emt 0:00:13]} 29. Bd5 {[%emt 0:01:03]} Rd8 {[%emt 0:00:20]} 30. Bf3 {[%emt 0:00:59]} Rd2 {[%emt 0:00:08]} 31. b3 {[%emt 0:00:41]} Rc3 {[%emt 0:00:13]} 0-1

[Event "2nd Kalyan Dombivali 2019"]
[Site "Kalyan"]
[Date "2019.01.30"]
[Round "2.13"]
[White "Nehete, Akshay S"]
[Black "Rane, Parnavi"]
[Result "1-0"]
[WhiteElo "1788"]
[BlackElo "1273"]
[Annotator "NA RC"]
[PlyCount "59"]
[EventDate "2019.01.28"]
[EventType "swiss"]
[EventRounds "10"]
[EventCountry "IND"]
[SourceTitle "playchess.com"]
[Source "ChessBase"]
[SourceQuality "1"]
[TimeControl "5400+30"]

1. d4 {[%emt 0:00:00]} Nf6 {[%emt 0:00:00]} 2. c4 {[%emt 0:00:00]} e5 {[%emt 0:00:00]} 3. dxe5 {[%emt 0:01:29]} Ne4 {[%emt 0:00:49]} 4. Nd2 {[%emt 0:05:44]} Bb4 {[%emt 0:14:00]} 5. a3 {[%emt 0:00:44]} Bxd2+ {[%emt 0:02:53]} 6. Bxd2 {[%emt 0:00:06]} Qe7 {[%emt 0:00:12]} 7. Nf3 {[%emt 0:00:57]} Nc6 {[%emt 0:00:12]} 8. Bf4 {[%emt 0:02:40]} d6 {[%emt 0:09:57]} 9. Qd5 {[%emt 0:15:20]} f5 {[%emt 0:07:47]} 10. exd6 {[%emt 0:02:21]} cxd6 {[%emt 0:00:58]} 11. Nd4 {[%emt 0:14:36]} Nf6 {[%emt 0:13:54]} 12. Nxc6 {[%emt 0:05:00]} Nxd5 {[%emt 0:00:48]} 13. Nxe7 {[%emt 0:00:06]} Nxf4 {[%emt 0:00:09]} 14. Nxc8 {[%emt 0:02:00]} Rxc8 {[%emt 0:00:08]} 15. e3 {[%emt 0:03:43]} Ne6 {[%emt 0:03:24]} 16. b4 {[%emt 0:10:35]} O-O {[%emt 0:02:04]} 17. Rd1 {[%emt 0:01:14]} Rfd8 {[%emt 0:00:29]} 18. f3 {[%emt 0:10:32]} Rc6 {[%emt 0:16:14]} 19. Kf2 {[%emt 0:02:30]} g6 {[%emt 0:03:41]} 20. Be2 {[%emt 0:00:43]} Kf7 {[%emt 0:02:39]} 21. Rd2 {[%emt 0:05:38]} Ke7 {[%emt 0:02:48]} 22. Rhd1 {[%emt 0:00:14]} a6 {[%emt 0:02:09]} 23. f4 {[%emt 0:04:57]} Rc7 {[%emt 0:03:05]} 24. h3 {[%emt 0:00:34]} Rcd7 {[%emt 0:03:26]} 25. Bf3 {[%emt 0:01:19]} Rc7 {[%emt 0:01:49]} 26. Bd5 {[%emt 0:01:40]} Rcd7 {[%emt 0:01:36]} 27. g4 {[%emt 0:00:17]} Kf6 {[%emt 0:02:38]} 28. Kf3 {[%emt 0:01:08]} Ng7 {[%emt 0:01:34]} 29. Re1 {[%emt 0:02:08]} Re8 30. Rde2 1-0

[Event "2nd Kalyan Dombivali 2019"]
[Site "Kalyan"]
[Date "2019.01.30"]
[Round "2.14"]
[White "Tambe, Shardul"]
[Black "Subramanian, R M"]
[Result "0-1"]
[WhiteElo "1254"]
[BlackElo "1780"]
[Annotator "NA"]
[PlyCount "102"]
[EventDate "2019.01.28"]
[EventType "swiss"]
[EventRounds "10"]
[EventCountry "IND"]
[SourceTitle "playchess.com"]
[Source "ChessBase"]
[SourceQuality "1"]
[TimeControl "5400+30"]

1. d4 {[%emt 0:00:00]} Nf6 {[%emt 0:00:13]} 2. c4 {[%emt 0:00:00]} e6 {[%emt 0:00:08]} 3. Nc3 {[%emt 0:00:00]} Bb4 {[%emt 0:00:06]} 4. Qc2 {[%emt 0:00:06]} Nc6 {[%emt 0:00:26]} 5. Nf3 {[%emt 0:00:56]} Qe7 {[%emt 0:00:20]} 6. Bg5 {[%emt 0:02:03]} h6 {[%emt 0:02:28]} 7. Bh4 {[%emt 0:02:12]} g5 {[%emt 0:02:57]} 8. Bg3 {[%emt 0:00:31]} g4 {[%emt 0:00:09]} 9. Nd2 {[%emt 0:09:16]} Nxd4 {[%emt 0:00:10]} 10. Qd3 {[%emt 0:02:15]} e5 {[%emt 0:06:21]} 11. e3 {[%emt 0:03:37]} Bxc3 {[%emt 0:00:39]} 12. Qxc3 {[%emt 0:01:18]} d6 {[%emt 0:03:37]} 13. Bh4 {[%emt 0:05:18]} Nf5 {[%emt 0:12:07]} 14. Bxf6 {[%emt 0:02:37]} Qxf6 {[%emt 0:00:02]} 15. Ne4 {[%emt 0:01:46]} Qe7 {[%emt 0:01:51]} 16. Be2 {[%emt 0:02:30]} Nh4 {[%emt 0:02:34]} 17. g3 {[%emt 0:11:34]} Nf3+ {[%emt 0:03:30]} 18. Bxf3 {[%emt 0:01:26]} gxf3 {[%emt 0:00:02]} 19. Nd2 {[%emt 0:00:51]} Bh3 {[%emt 0:04:24]} 20. Rg1 {[%emt 0:05:52]} Bg2 {[%emt 0:03:15]} 21. e4 {[%emt 0:02:10]} Qe6 {[%emt 0:00:56]} 22. b3 {[%emt 0:02:26]} Qg4 {[%emt 0:01:01]} 23. O-O-O {[%emt 0:05:42]} O-O-O {[%emt 0:00:11]} 24. Rge1 {[%emt 0:02:46]} Rhf8 {[%emt 0:04:05]} 25. Qe3 {[%emt 0:05:26]} Kb8 {[%emt 0:02:29]} 26. Qxh6 {[%emt 0:02:33]} f5 {[%emt 0:01:08]} 27. exf5 {[%emt 0:04:54]} Qd4 {[%emt 0:04:09]} 28. Qe3 {[%emt 0:03:59]} Qa1+ {[%emt 0:02:56]} 29. Kc2 {[%emt 0:00:09]} Qxa2+ {[%emt 0:00:08]} 30. Kc3 {[%emt 0:00:57]} Qa5+ {[%emt 0:00:43]} 31. Kc2 {[%emt 0:02:29]} Bh3 {[%emt 0:00:47]} 32. Ra1 {[%emt 0:02:24]} Bxf5+ {[%emt 0:01:19]} 33. Kb2 {[%emt 0:01:00]} Qb6 {[%emt 0:00:57]} 34. Qxb6 {[%emt 0:03:32]} axb6 {[%emt 0:00:04]} 35. Ne4 {[%emt 0:00:50]} d5 {[%emt 0:01:56]} 36. Nd2 {[%emt 0:01:43]} e4 {[%emt 0:05:01]} 37. cxd5 {[%emt 0:01:54]} Rxd5 {[%emt 0:00:02]} 38. Nxe4 {[%emt 0:00:50]} Re8 {[%emt 0:06:20]} 39. Ng5 {[%emt 0:03:59]} Rd2+ {[%emt 0:01:54]} 40. Ka3 {[%emt 0:01:40]} Rxe1 {[%emt 0:01:10]} 41. Rxe1 {[%emt 0:00:01]} Rxf2 {[%emt 0:00:08]} 42. Re8+ {[%emt 0:00:41]} Ka7 {[%emt 0:00:07]} 43. Rf8 {[%emt 0:00:06]} Bb1 {[%emt 0:00:50]} 44. Rxf3 {[%emt 0:00:54]} Rxh2 {[%emt 0:00:03]} 45. Rc3 {[%emt 0:01:05]} c6 {[%emt 0:03:45]} 46. Rc1 {[%emt 0:01:15]} Bf5 {[%emt 0:00:41]} 47. Rf1 {[%emt 0:00:51]} Bc2 {[%emt 0:00:51]} 48. Kb4 {[%emt 0:01:18]} c5+ {[%emt 0:02:21]} 49. Kc3 {[%emt 0:00:13]} Bg6 {[%emt 0:00:10]} 50. Ra1+ {[%emt 0:01:19]} Kb8 {[%emt 0:00:07]} 51. Rf1 {[%emt 0:00:04]} Rc2# {[%emt 0:00:07]} 0-1